| 000 | 00639cab a2200217 4500 | ||
|---|---|---|---|
| 001 | ABS42073 | ||
| 008 | 090401t1989 xxu||||| |||| 00| 0 eng d | ||
| 035 | _a(Sirsi) u34549 | ||
| 041 | _aeng | ||
| 245 | _aWoodlands where now? | ||
| 260 | _c1989 | ||
| 350 | _a0 | ||
| 490 |
_aFarm Tax Brief _v4(10) November 1989, 81-82 |
||
| 520 | _aDiscusses the new tax regime for woodlands ; gives guidance on tax planning, and on the remaining fiscal advantages and investment potential. | ||
| 650 | _aBUSINESS PROPERTY RELIEFS | ||
| 650 | _aFORESTRY | ||
| 650 | _aTIMBER | ||
| 690 | _aRURAL PRACTICE | ||
| 942 | _n0 | ||
| 948 | _c04/03/1997 | ||
| 999 |
_c22866 _d22866 |
||